000 00750nam a22002177a 4500
003 UA-OsUOA
001 121418
007 ta
008 20170320b un ||||| |||| 00| 0 ukr d
100 _aпарасій-Вергуненко І.М.
090 _a330(477)
_bП18
942 _cSA
040 _aUA-OsUOA
_bukr
_cUA-OsUOA
_dUA-OsUOA
245 _aСтратегічний і динамічний підходи до аналізу ліквідності та платоспроможності суб'єктів господарювання
300 _aС.81-96
955 _a0
041 _aukr
080 _a330(477)
773 0 _w121412
_tФінанси України
_dК.
_d2017
_g2
650 7 _a330 Економіка взагалі
_2UDC
999 _c407345
_d407345